Панталеон и посетителките (Запис номер 48608)
[ съкратено ]
| 000 -Лидер | |
|---|---|
| Контролно поле с фиксирана дължина | 01289nam a2200325 a 4500 |
| 003 - Код на организацията, давaща контролен номер | |
| Контролно поле | BLK |
| 005 - Дата и час на последна редакция | |
| Контролно поле | 20250709113838.0 |
| 008 - Елементи от данни с фиксирана дължина | |
| fixed length control field | 180408b bul|||||r ||||||| ||bul|| |
| 010 ## - Наследен системен номер | |
| LC control number | KNG00052426000 |
| 040 ## - Източник на каталожния запис | |
| Идентификатор на билиотеката - собственик на записа | BLK |
| 041 ## - Код за език | |
| Код за езика на текст/звукозапис или на отделно заглавие | Български |
| Код за езика КДБФ | Български |
| 080 ## - УДК | |
| Текстов определител УДК | Латино-американска литература |
| УДК код - определител по УДК | 821.134.2(7/8) |
| УДК определител | -31 |
| УДК - код + определител | 821.134.2(7/8)-31 |
| 100 1# - Редна дума - Автор | |
| Автор | Варгас Льоса, Марио |
| Авторска отговорност | първи автор |
| R(LIN) | 281807 |
| 139 ## - Редно поле | |
| Редна дума | Варгас Льоса, Марио |
| Авторски знак | Вар - В 22 |
| 245 10 - Сведения за заглавието | |
| Заглавие | Панталеон и посетителките |
| Подзаглавни данни | Роман |
| Редно поле (дума) | Марио Варгас Льоса; прев. от исп. Емилия Юлзари; предг. от Ина Тертерян. |
| 257 ## - Страна на издаване | |
| Страна на създаване/издаване | Перу |
| 260 ## - Област на издателските данни | |
| Име на издателя, разпространителя и проч. | ОФ |
| Година на издаване | 1981 |
| Място на издаване, разпространение и проч. | София |
| 300 ## - Физическа характеристика | |
| Страници | 252 с. |
| Размери/Мащаб | 22 см |
| 380 ## - Жанр | |
| Жанр | Худож. лит. |
| 500 ## - Общи забележки | |
| Забележка | Ориг. загл. Pantaleon y las visitadoras |
| 700 1# - Други автори (авторска отговорност) | |
| Лично име | Юлзари, Емилия |
| Автороска отговорност (Описва отношението между автора и произведението) | прев. от исп. |
| 9 (RLIN) | 368326 |
| 700 1# - Други автори (авторска отговорност) | |
| Лично име | Тертерян, Ина |
| Автороска отговорност (Описва отношението между автора и произведението) | предг. от |
| 9 (RLIN) | 282153 |
| 852 ## - Местоположение | |
| Форматна сигнатура | Цб 108033 |
| 856 4# - Електронен адрес и достъп | |
| Електронен формат | pdf - файл |
| Инструкция (цена за достъп) | 0.00 |
| Права за достъп | disable |
| 856 4# - Електронен адрес и достъп | |
| Електронен формат | pdf - файл |
| Инструкция (цена за достъп) | 0.00 |
| Права за достъп | disable |
| 999 ## - СИСТЕМНИ КОНТРОЛНИ НОМЕРА | |
| Koha biblionumber | 48608 |
| Koha biblioitemnumber | 48608 |
| 942 ## - АРТИКУЛИ | |
| Вид на библиотечния материал | Книги |
| Скрит в OPAC | Не |
| Koha issues (borrowed), all copies | 2 |
| Периодичен библиозапис | Да |
| 944 ## - СЪЗДАВАНЕ И РЕДАКЦИЯ на ЗАПИСА | |
| Създаване/Редакция | Създаване |
| Дата на регистрацията/редакция | 02.09.2016 |
| Служител, извършил регистрацията/редакцията | 30531 |
| Статус, дата на статуса | Цветелина Шанова |
| 944 ## - СЪЗДАВАНЕ И РЕДАКЦИЯ на ЗАПИСА | |
| Създаване/Редакция | Редакция |
| Дата на регистрацията/редакция | 02.09.2016 |
| Служител, извършил регистрацията/редакцията | Христина_Везирева |
| 999 ## - СИСТЕМНИ КОНТРОЛНИ НОМЕРА | |
| Koha biblioitemnumber | 48608 |
| Код за отписване | Код за изгубен артикул | Източник на класификационната схема | Код за повреда | Коз за рестрикции | Код за отдаване | Артикулен № | Име на библиотеката - собственик | Име на библиотеката, в която се намира в момента | Статус (Текущо местоположение) | Дата на вписване в системата | Местоположение - отдел | Цена в лева | Инвентарен номер | Систематично азбучна сигнатура | Баркод | Номер на екземпляра | Цена в евро | Служебна бележка | Служебен тип на артикула |
|---|---|---|---|---|---|---|---|---|---|---|---|---|---|---|---|---|---|---|---|
| Не е изгубен | Universal Decimal Classification | Не е повреден | само за читалня | ползва се в читалня | 76250 | Регионална библиотека "Любен Каравелов" Русе | Регионална библиотека "Любен Каравелов" Русе | Хранилище | 1981-01-01 | Хранилище | 1.61 | 324728 | Цб 108033 | 120000324728 | 1 | 0.82 | Вид: Сф Дата: 01.01.1981 | Книги | |
| Не е изгубен | Universal Decimal Classification | Не е повреден | без рестрикции | заемане за дома | 76251 | Регионална библиотека "Любен Каравелов" Русе | Регионална библиотека "Любен Каравелов" Русе | Заемна - подръчен фонд | 1981-01-01 | Заемна - подръчен фонд | 1.61 | 324484 | П 860(7/8)/В 22 | 120000324484 | 2 | 0.82 | Вид: Сф Дата: 01.01.1981 Дата инв: 09.02.2018 Бележки инв: П2018 | Книги | |
| Изтеглен | Не е изгубен | Universal Decimal Classification | Не е повреден | без рестрикции | заемане за дома | 76252 | Регионална библиотека "Любен Каравелов" Русе | Регионална библиотека "Любен Каравелов" Русе | Заемна - подръчен фонд | 1981-01-01 | Заемна - подръчен фонд | 1.61 | 324488 | П 860(7/8)/В 22 | 324488 | 3 | 0.82 | Вид: Сф Дата: 01.01.1981 | Книги |
| Изтеглен | Не е изгубен | Universal Decimal Classification | Не е повреден | без рестрикции | заемане за дома | 76253 | Регионална библиотека "Любен Каравелов" Русе | Регионална библиотека "Любен Каравелов" Русе | Заемна - подръчен фонд | 1981-01-01 | Заемна - подръчен фонд | 1.61 | 324486 | П 860(7/8)/В 22 | 324486 | 4 | 0.82 | Вид: Сф Дата: 01.01.1981 | Книги |
| Изтеглен | Не е изгубен | Universal Decimal Classification | Не е повреден | без рестрикции | заемане за дома | 76254 | Регионална библиотека "Любен Каравелов" Русе | Регионална библиотека "Любен Каравелов" Русе | Заемна - подръчен фонд | 1981-01-01 | Заемна - подръчен фонд | 1.61 | 326231 | П 860(7/8)/В 22 | 326231 | 5 | 0.82 | Вид: Сф Дата: 01.01.1981 Дата инв: 09.02.2018 Бележки инв: П2018 | Книги |